| 000 | 00674cam a2200229Ia 4500 | ||
|---|---|---|---|
| 008 | |||
| 020 | _a0890099766 (hbk.) | ||
| 049 | _aMAIN | ||
| 090 | _aHG221 BOO | ||
| 245 | 0 | 4 |
_aThe Book of money / _cedited by Klaus Heidensohn ; with a foreword by Sir William McMahon. |
| 260 |
_aSecaucus, N.J. : _bChartwell Books, _c1979. |
||
| 300 |
_a208 p. : _bill. (some col.) ; _c31 cm. |
||
| 500 | _a"A QED book." | ||
| 500 | _aIncludes index. | ||
| 650 | 0 | _aMoney. | |
| 700 | 1 | _aHeidensohn, Klaus. | |
| 907 |
_a.b10060182 _b02-02-07 _c17-04-03 |
||
| 003 | |||
| 005 | 20230123133236.0 | ||
| 040 | _cNUST | ||
| 942 |
_cBOOKS _kHG221 BOO |
||
| 999 |
_c145195 _d145195 |
||